000
00285 a2200121 4500
001
64378
082
_a
332.1 MEE
090
_c
38010
_d
38010
100
_a
Meenai S A
245
_a
Money and Banking in Pakistan
260
_a
Karachi
_b
Oxford University Press
_c
1984
300
_a
308P
942
_a
NUST-CAE
_k
332.1 MEE
999
_c
299451
_d
299451